01216nam a2200241Ia 4500952011100000952011100111999001700222008004100239020001500280050002500295100003000320245005600350250001800406260003300424300001800457500013900475504003400614505025300648519000900901650002800910650002900938942000700967 00104070a11b11d2007-04-13l5oBF723.C5 D64 2006p11 002591r2019-11-23s2019-11-23t2w2012-06-26yLB 00104070a11b11d2007-04-13l3oBF723.C5 D64 2006p11 006480r2018-07-11s2018-07-11t1w2012-06-26yLB c69848d69848120626s2006 mx 000 0 spa d a9682474280 aBF723.C5 bD64 2006 aDolle, Jean- Marieeautor aPara comprender a Jean Piaget /c Dolle Jean Marie a2a. edición aMéxico b: Trillasc, 2006 a244 páginas aIncluye: Índice de abreviaturas (pp. 5-6), Introducción (pp. 7-9), Conclusión (pp. 213-220), Índice analítico (pp. 227-244)  aBibliografía (pp. 221-223) aHistoria y método Datos epistemológicos La inteligencia sensoriomotriz La génesis de las operaciones concretas (de la inteligencia simbólica o preoperacional a la inteligencia operacional concreta La inteligencia operacional formal a d  0aPIAGET, JEANx1896-1980 0aPSICOLOGÍA GENÉTICA  cLB